| 000 | 01516nam a2200349Ia 4500 | ||
|---|---|---|---|
| 001 | ebr10135661 | ||
| 003 | CaPaEBR | ||
| 006 | m u | ||
| 007 | cr cn||||||||| | ||
| 008 | 040106s2004 nyu sb 001 0 eng d | ||
| 010 | _z 2004040007 | ||
| 020 | _z1403980896 | ||
| 020 | _z1403965226 (alk. paper) | ||
| 040 |
_aCaPaEBR _cCaPaEBR |
||
| 035 | _a(OCoLC)560468200 | ||
| 050 | 1 | 4 |
_aPR468.R44 _bV53 2004eb |
| 082 | 0 | 4 |
_a820.9/3823 _222 |
| 245 | 0 | 0 |
_aVictorian religious discourse _h[electronic resource] : _bnew directions in criticism / _cedited by Jude V. Nixon. |
| 260 |
_aNew York : _bPalgrave Macmillan, _c2004. |
||
| 300 | _ax, 278 p. | ||
| 504 | _aIncludes bibliographical references (p. [253]-271) and index. | ||
| 533 |
_aElectronic reproduction. _bPalo Alto, Calif. : _cebrary, _d2009. _nAvailable via World Wide Web. _nAccess may be limited to ebrary affiliated libraries. |
||
| 650 | 0 |
_aEnglish literature _y19th century _xHistory and criticism. |
|
| 650 | 0 |
_aChristianity and literature _zGreat Britain _xHistory _y19th century. |
|
| 650 | 0 |
_aReligion and literature _zGreat Britain _xHistory _y19th century. |
|
| 650 | 0 |
_aChristian literature, English _xHistory and criticism. |
|
| 650 | 0 |
_aReligious literature, English _xHistory and criticism. |
|
| 655 | 7 |
_aElectronic books. _2local |
|
| 700 | 1 |
_aNixon, Jude V., _d1953- |
|
| 710 | 2 | _aebrary, Inc. | |
| 856 | 4 | 0 |
_uhttp://site.ebrary.com/lib/rucke/Doc?id=10135661 _zAn electronic book accessible through the World Wide Web; click to view |
| 999 |
_c189799 _d189799 |
||